[Event "37th Andorra Open 2019"]
[Site "Caldea"]
[Date "2019.07.26"]
[Round "1.1"]
[White "Fedorchuk, Sergey A."]
[Black "Alfonso Nogue, Beatriz"]
[Result "1-0"]
[WhiteElo "2633"]
[BlackElo "2057"]
[Annotator "TA"]
[PlyCount "69"]
[EventDate "2018.07.21"]
[EventType "swiss"]
[EventCountry "AND"]
[SourceTitle "playchess.com"]
[Source "ChessBase"]
[SourceQuality "1"]

{[%evp 13,69,11,18,8,0,6,0,1,0,0,22,15,21,4,97,99,85,68,77,77,101,83,76,79,91,55,88,83,83,37,46,50,44,40,52,60,88,21,53,45,94,93,100,87,379,367,364,378,380,377,376,359,401,381,902,902,6295,5418]} 1. e4 e5 2. Nf3 Nc6 3. Bb5 a6 4. Ba4 Nf6 5. d3 b5 6. Bb3 Be7 7. O-O d6 8. a3 {C84: Closed Ruy Lopez: Unusual White 6th moves} O-O 9. Nbd2 {[%cal Bb1d2,Bd2f1,Bf1e3][%mdl 32]} Na5 10. Ba2 {The position is equal.} c5 11. Re1 Bd7 $146 ({Predecessor:} 11... Nc6 12. c3 Re8 13. Nf1 h6 14. Ne3 Bf8 15. b4 Be6 {1-0 (85) Carlsen,M (2837)-Ding,L (2774) Saint Louis 2017}) 12. Nf1 Rb8 13. Bg5 b4 (13... Nc6 $11) 14. axb4 $16 cxb4 15. N3d2 Qb6 16. Ne3 Be6 17. Bxf6 Bxf6 18. Bd5 Bc8 19. Qb1 Qc5 20. Qa2 Rb5 21. Ndc4 Bd8 22. c3 {cxb4 is the strong threat.} Nxc4 23. Bxc4 Ra5 24. Qb3 bxc3 25. bxc3 ({White should try} 25. Rac1 $16) 25... Bb6 26. Rxa5 Bxa5 27. Ra1 g6 28. Nd5 {aiming for d4!} Kg7 $2 {[%mdl 8192] [#]} (28... Bd8 $16) 29. d4 $1 $18 {[%cal Rd4c5][%mdl 576] Deflection} exd4 30. cxd4 Qxd4 31. Rxa5 Qxe4 {Threatens to win with ...Qe1+.} 32. Qc3+ f6 33. Ra1 {Black must now prevent Re1.} Bb7 $2 (33... Qe5 34. Qa5 Re8) 34. Re1 Qg4 35. Re7+ {Accuracy: White = 57%, Black = 38%.} 1-0

[Event "37th Andorra Open 2019"]
[Site "Caldea"]
[Date "2019.07.26"]
[Round "1.2"]
[White "Rojano Cano, Francisco Jose"]
[Black "Lagarde, Maxime"]
[Result "0-1"]
[WhiteElo "2056"]
[BlackElo "2597"]
[Annotator "TA"]
[PlyCount "66"]
[EventDate "2018.07.21"]
[EventType "swiss"]
[EventCountry "AND"]
[SourceTitle "playchess.com"]
[Source "ChessBase"]
[SourceQuality "1"]

{[%evp 11,66,47,33,23,29,23,39,-2,0,-6,5,-55,-49,-25,-19,-100,-82,-112,-101,-108,-121,-118,-119,-106,-129,-132,-116,-66,-52,-48,-51,-80,-25,-25,-25,-25,-25,-47,-33,-28,-27,-112,-81,-122,-126,-356,-341,-602,-592,-565,-541,-896,-841,-1252,-1008,-1093,-1068]} 1. e4 g6 2. d4 Bg7 3. Be3 d6 4. f3 a6 5. Qd2 Nd7 6. Nc3 b5 {[%cal Bb7b5,Bb5b4][%mdl 32]} 7. a4 {B06: Modern Defence} b4 $1 {[%cal Rb4c3]} 8. Nd5 (8. Nd1 a5 9. c3 bxc3 10. bxc3 Ngf6 11. Bb5 O-O 12. Ne2 Bb7 13. O-O c6 14. Bd3 e5 15. Nf2 d5 16. Rab1 {0-1 (43) Savchenko,B (2562)-Sjugirov,S (2663) St Petersburg 2018}) 8... c5 9. Ne2 $146 {White is slightly better.} ({Predecessor:} 9. dxc5 dxc5 10. c3 e6 11. Bg5 f6 12. Bf4 exd5 13. Qxd5 Ra7 14. Rd1 bxc3 15. bxc3 {0-1 (30) Abhishek,K (2178)-Zinchenko,Y (2531) Mumbai 2009}) 9... e6 10. Ndf4 $1 Ne7 11. Nh3 (11. Nd3 $11) 11... Nc6 12. Rd1 O-O 13. g3 (13. Nf2 $11 {keeps the balance.}) 13... d5 14. Bh6 dxe4 15. Bxg7 Kxg7 16. fxe4 e5 17. d5 Nd4 18. Nxd4 cxd4 19. Nf2 a5 20. Bb5 Nc5 21. O-O f6 (21... Bd7 $17) 22. c3 $11 Qb6 {aiming for ...dxc3.} 23. cxb4 axb4 24. b3 Ba6 25. Bxa6 Rxa6 26. Ng4 (26. Rb1 $11 {remains equal.}) 26... Kg8 27. Qh6 Qd6 (27... Nxe4 28. Nxe5 Re8 29. Nd3) 28. Rc1 $2 {[#]} (28. Nf2 $17) 28... Nxe4 $19 29. Rc6 $2 (29. Rc4) 29... Rxc6 {Black is clearly winning.} 30. dxc6 f5 31. a5 d3 32. Qc1 Nc3 {[#] ( -> ...Ne2+)} 33. Nh6+ Kg7 {Accuracy: White = 23%, Black = 65%.} 0-1

[Event "37th Andorra Open 2019"]
[Site "Caldea"]
[Date "2019.07.26"]
[Round "1.3"]
[White "Peralta, Fernando"]
[Black "Lund, Frode Ryan"]
[Result "1-0"]
[WhiteElo "2562"]
[BlackElo "2052"]
[Annotator "ChessBase"]
[PlyCount "77"]
[EventDate "2018.07.21"]
[EventType "swiss"]
[EventCountry "AND"]
[SourceTitle "playchess.com"]
[Source "ChessBase"]
[SourceQuality "1"]
[TimeControl "40/5400+30:1800+30"]

1. d4 {[%emt 0:00:00]} d5 {[%emt 0:00:03]} 2. c4 {[%emt 0:00:00]} e6 {[%emt 0:00:47]} 3. Nc3 {[%emt 0:00:00]} Nf6 {[%emt 0:01:01]} 4. cxd5 {[%emt 0:00:23]} exd5 {[%emt 0:00:23]} 5. Bg5 {[%emt 0:00:09]} Be7 {[%emt 0:01:23]} 6. e3 {[%emt 0:00:14]} Nbd7 {[%emt 0:02:12]} 7. Bd3 {[%emt 0:00:20]} O-O {[%emt 0:03:36]} 8. Nge2 {[%emt 0:00:20]} Re8 {[%emt 0:01:43]} 9. O-O {[%emt 0:00:48]} c6 {[%emt 0:00:55]} 10. Qc2 {[%emt 0:00:52]} Nf8 {[%emt 0:01:59]} 11. f3 {[%emt 0:00:28]} Nh5 {[%emt 0:01:55]} 12. Bxe7 {[%emt 0:00:17]} Qxe7 {[%emt 0:00:25]} 13. e4 {[%emt 0:00:41]} Be6 {[%emt 0:13:50]} 14. e5 {[%emt 0:09:10]} g6 {[%emt 0:00:28]} 15. f4 {[%emt 0:08:25]} Ng7 {[%emt 0:07:41]} 16. Nd1 {[%emt 0:00:35]} Bg4 {[%emt 0:16:05]} 17. Ne3 {[%emt 0:02:04]} Bxe2 {[%emt 0:00:07]} 18. Bxe2 {[%emt 0:00:11]} f5 {[%emt 0:02:02]} 19. Qd2 {[%emt 0:07:33]} h5 {[%emt 0:02:19]} 20. b4 {[%emt 0:01:11]} a6 {[%emt 0:02:33]} 21. Bd3 {[%emt 0:03:11]} Nfe6 {[%emt 0:03:56]} 22. Bc2 {[%emt 0:00:14]} Qd8 {[%emt 0:02:12]} 23. a4 {[%emt 0:11:28]} Qb6 {[%emt 0:04:22]} 24. Rad1 {[%emt 0:00:24]} Rf8 {[%emt 0:01:22]} 25. g3 {[%emt 0:02:23]} Rf7 {[%emt 0:01:50]} 26. h3 {[%emt 0:01:25]} Raf8 {[%emt 0:00:37]} 27. Ng2 {[%emt 0:00:15]} Ne8 {[%emt 0:09:05]} 28. Nh4 {[%emt 0:01:43]} Rg7 {[%emt 0:01:42]} 29. Kh2 {[%emt 0:05:19]} N8c7 {[%emt 0:04:20]} 30. Rg1 {[%emt 0:05:40]} Kf7 {[%emt 0:03:05]} 31. Bxf5 {[%emt 0:02:02]} gxf5 {[%emt 0:00:26]} 32. Nxf5 {[%emt 0:00:06]} Rh7 {[%emt 0:02:03]} 33. Nd6+ {[%emt 0:01:24]} Kg8 {[%emt 0:01:00]} 34. f5 {[%emt 0:01:24]} Ng7 {[%emt 0:00:56]} 35. a5 {[%emt 0:06:14]} Qa7 {[%emt 0:00:15]} 36. g4 {[%emt 0:00:12]} hxg4 {[%emt 0:01:33]} 37. Rxg4 {[%emt 0:00:09]} Kh8 {[%emt 0:00:09]} 38. Rdg1 {[%emt 0:03:09]} Nb5 {[%emt 0:01:22]} 39. Rxg7 {[%emt 0:01:07]} 1-0

[Event "37th Andorra Open 2019"]
[Site "Caldea"]
[Date "2019.07.26"]
[Round "1.4"]
[White "Partac, Elena"]
[Black "Vavulin, Maxim"]
[Result "0-1"]
[WhiteElo "2046"]
[BlackElo "2561"]
[Annotator "ChessBase"]
[PlyCount "72"]
[EventDate "2018.07.21"]
[EventType "swiss"]
[EventCountry "AND"]
[SourceTitle "playchess.com"]
[Source "ChessBase"]
[SourceQuality "1"]
[TimeControl "40/5400+30:1800+30"]

1. e4 {[%emt 0:00:00]} g6 {[%emt 0:00:00]} 2. d4 {[%emt 0:00:00]} Bg7 {[%emt 0:00:00]} 3. Nc3 {[%emt 0:00:02]} a6 {[%emt 0:00:13]} 4. Be3 {[%emt 0:00:45]} b5 {[%emt 0:00:12]} 5. Bd3 {[%emt 0:00:09]} Bb7 {[%emt 0:00:23]} 6. Qd2 {[%emt 0:01:26]} d6 {[%emt 0:00:39]} 7. O-O-O {[%emt 0:07:55]} Nd7 {[%emt 0:02:12]} 8. Kb1 {[%emt 0:09:42]} Rc8 {[%emt 0:01:44]} 9. f4 {[%emt 0:15:00]} c5 {[%emt 0:06:35]} 10. dxc5 {[%emt 0:14:33]} Nxc5 {[%emt 0:00:29]} 11. Nf3 {[%emt 0:02:32]} Nxd3 {[%emt 0:46:52]} 12. cxd3 {[%emt 0:04:00]} Nf6 {[%emt 0:00:46]} 13. h3 {[%emt 0:08:33]} O-O {[%emt 0:06:36]} 14. Rc1 {[%emt 0:00:10]} Qd7 {[%emt 0:02:40]} 15. Ne2 {[%emt 0:05:42]} Bc6 {[%emt 0:05:51]} 16. Ned4 {[%emt 0:03:37]} Ba8 {[%emt 0:00:31]} 17. Nb3 {[%emt 0:03:47]} Qb7 {[%emt 0:02:26]} 18. Na5 {[%emt 0:06:11]} Qb8 {[%emt 0:00:16]} 19. Nd4 {[%emt 0:04:36]} Rxc1+ {[%emt 0:01:06]} 20. Rxc1 {[%emt 0:00:04]} Nd7 {[%emt 0:00:29]} 21. Ndc6 {[%emt 0:02:51]} Qe8 {[%emt 0:00:20]} 22. Na7 {[%emt 0:04:28]} f5 {[%emt 0:00:56]} 23. Qb4 {[%emt 0:02:46]} Nf6 {[%emt 0:02:28]} 24. N7c6 {[%emt 0:00:32]} Qf7 {[%emt 0:01:23]} 25. Bb6 {[%emt 0:01:06]} fxe4 {[%emt 0:03:20]} 26. dxe4 {[%emt 0:00:11]} Qe6 {[%emt 0:00:25]} 27. Qb3 {[%emt 0:02:10]} Qxb3 {[%emt 0:00:51]} 28. axb3 {[%emt 0:00:19]} Nxe4 {[%emt 0:03:10]} 29. Nxe7+ {[%emt 0:00:05]} Kh8 {[%emt 0:00:06]} 30. f5 {[%emt 0:01:15]} gxf5 {[%emt 0:00:31]} 31. Nac6 {[%emt 0:00:15]} f4 {[%emt 0:01:49]} 32. Nd4 {[%emt 0:00:11]} Nc5 {[%emt 0:01:07]} 33. Bxc5 {[%emt 0:00:58]} Be4+ {[%emt 0:03:26]} 34. Ka2 {[%emt 0:00:29]} dxc5 {[%emt 0:00:08]} 35. Ne6 {[%emt 0:00:20]} Re8 {[%emt 0:00:50]} 36. Rxc5 {[%emt 0:00:26]} Bf6 {[%emt 0:01:21]} 0-1

[Event "37th Andorra Open 2019"]
[Site "Caldea"]
[Date "2019.07.26"]
[Round "1.5"]
[White "Cuartas, Jaime Alexander"]
[Black "Ros Alonso, Joana"]
[Result "1-0"]
[WhiteElo "2542"]
[BlackElo "2045"]
[Annotator "ChessBase"]
[PlyCount "67"]
[EventDate "2018.07.21"]
[EventType "swiss"]
[EventCountry "AND"]
[SourceTitle "playchess.com"]
[Source "ChessBase"]
[SourceQuality "1"]
[TimeControl "40/5400+30:1800+30"]

1. e4 {[%emt 0:00:00]} e6 {[%emt 0:00:00]} 2. d4 {[%emt 0:00:00]} d5 {[%emt 0:00:00]} 3. e5 {[%emt 0:00:00]} c5 {[%emt 0:00:00]} 4. c3 {[%emt 0:00:00]} Qb6 {[%emt 0:00:00]} 5. Nf3 {[%emt 0:00:00]} Bd7 {[%emt 0:00:07]} 6. a3 {[%emt 0:00:00]} c4 {[%emt 0:00:07]} 7. Nbd2 {[%emt 0:00:05]} Nc6 {[%emt 0:00:11]} 8. h4 {[%emt 0:00:08]} Na5 {[%emt 0:00:13]} 9. g3 {[%emt 0:00:10]} h6 {[%emt 0:01:33]} 10. Bh3 {[%emt 0:00:29]} O-O-O {[%emt 0:00:47]} 11. h5 {[%emt 0:01:12]} Kb8 {[%emt 0:02:14]} 12. Nh4 {[%emt 0:00:31]} Ne7 {[%emt 0:01:29]} 13. f4 {[%emt 0:00:21]} Nf5 {[%emt 0:09:28]} 14. Nxf5 {[%emt 0:01:06]} exf5 {[%emt 0:00:08]} 15. Qc2 {[%emt 0:08:08]} g6 {[%emt 0:01:15]} 16. Rb1 {[%emt 0:01:11]} Nb3 {[%emt 0:03:54]} 17. Nxb3 {[%emt 0:00:45]} Ba4 {[%emt 0:01:01]} 18. Be3 {[%emt 0:01:10]} Qxb3 {[%emt 0:04:19]} 19. Qxb3 {[%emt 0:00:50]} Bxb3 {[%emt 0:00:08]} 20. Kd2 {[%emt 0:00:09]} Be7 {[%emt 0:04:24]} 21. Rbg1 {[%emt 0:00:35]} Ba4 {[%emt 0:17:11]} 22. hxg6 {[%emt 0:03:22]} fxg6 {[%emt 0:00:13]} 23. g4 {[%emt 0:00:05]} fxg4 {[%emt 0:07:14]} 24. Bxg4 {[%emt 0:00:04]} h5 {[%emt 0:04:09]} 25. Be6 {[%emt 0:02:34]} Be8 {[%emt 0:00:53]} 26. Rh2 {[%emt 0:02:03]} a5 {[%emt 0:01:53]} 27. Bf2 {[%emt 0:10:08]} Rf8 {[%emt 0:04:30]} 28. f5 {[%emt 0:02:34]} g5 {[%emt 0:07:37]} 29. f6 {[%emt 0:00:30]} Bxf6 {[%emt 0:00:06]} 30. exf6 {[%emt 0:00:06]} Rxf6 {[%emt 0:00:10]} 31. Bh3 {[%emt 0:01:49]} Rf3 {[%emt 0:08:24]} 32. Bg3+ {[%emt 0:02:14]} Ka7 {[%emt 0:00:28]} 33. Bc7 {[%emt 0:00:19]} Rd3+ {[%emt 0:00:32]} 34. Ke2 {[%emt 0:00:30]} 1-0

[Event "37th Andorra Open 2019"]
[Site "Caldea"]
[Date "2019.07.26"]
[Round "1.6"]
[White "Garcia Gracia, Victor Hugo"]
[Black "Kharitonov, Alexandr"]
[Result "0-1"]
[WhiteElo "2032"]
[BlackElo "2540"]
[Annotator "ChessBase"]
[PlyCount "72"]
[EventDate "2018.07.21"]
[EventType "swiss"]
[EventCountry "AND"]
[SourceTitle "playchess.com"]
[Source "ChessBase"]
[SourceQuality "1"]
[TimeControl "40/5400+30:1800+30"]

1. e4 {[%emt 0:00:00]} c6 {[%emt 0:00:00]} 2. Nc3 {[%emt 0:00:00]} d5 {[%emt 0:00:00]} 3. Nf3 {[%emt 0:00:00]} a6 {[%emt 0:01:51]} 4. d3 {[%emt 0:02:14]} Bg4 {[%emt 0:02:39]} 5. h3 {[%emt 0:01:33]} Bh5 {[%emt 0:00:05]} 6. g4 {[%emt 0:05:31]} Bg6 {[%emt 0:00:14]} 7. Bg2 {[%emt 0:02:20]} e6 {[%emt 0:01:55]} 8. Ne5 {[%emt 0:05:00]} Bd6 {[%emt 0:05:30]} 9. Bf4 {[%emt 0:02:29]} d4 {[%emt 0:04:25]} 10. Nxg6 {[%emt 0:02:35]} hxg6 {[%emt 0:00:15]} 11. Ne2 {[%emt 0:04:01]} Bxf4 {[%emt 0:02:42]} 12. Nxf4 {[%emt 0:00:06]} e5 {[%emt 0:01:32]} 13. Ne2 {[%emt 0:00:06]} c5 {[%emt 0:01:27]} 14. c3 {[%emt 0:02:54]} Nc6 {[%emt 0:00:13]} 15. O-O {[%emt 0:05:26]} g5 {[%emt 0:01:08]} 16. a3 {[%emt 0:02:30]} Nge7 {[%emt 0:00:34]} 17. b4 {[%emt 0:06:51]} cxb4 {[%emt 0:02:38]} 18. cxb4 {[%emt 0:09:48]} O-O {[%emt 0:02:15]} 19. Qd2 {[%emt 0:02:26]} Ng6 {[%emt 0:00:35]} 20. Rfc1 {[%emt 0:00:40]} Qe7 {[%emt 0:00:46]} 21. Rc4 {[%emt 0:03:52]} Rfc8 {[%emt 0:08:15]} 22. Rac1 {[%emt 0:00:49]} Na7 {[%emt 0:00:05]} 23. Ng3 {[%emt 0:07:51]} Nf4 {[%emt 0:00:32]} 24. Nf5 {[%emt 0:01:06]} Qd7 {[%emt 0:00:38]} 25. Kh2 {[%emt 0:07:25]} g6 {[%emt 0:00:41]} 26. Ng3 {[%emt 0:01:32]} Nb5 {[%emt 0:00:47]} 27. a4 {[%emt 0:04:51]} Nc3 {[%emt 0:00:50]} 28. a5 {[%emt 0:00:36]} Qb5 {[%emt 0:00:26]} 29. R1xc3 {[%emt 0:02:01]} dxc3 {[%emt 0:00:07]} 30. Qxc3 {[%emt 0:00:12]} Qe8 {[%emt 0:02:12]} 31. Nf1 {[%emt 0:01:19]} Rd8 {[%emt 0:02:49]} 32. Rc7 {[%emt 0:02:31]} Rxd3 {[%emt 0:02:21]} 33. Qc4 {[%emt 0:03:47]} Rd4 {[%emt 0:02:51]} 34. Qc5 {[%emt 0:00:31]} Ne6 {[%emt 0:00:22]} 35. Qxe5 {[%emt 0:00:14]} Qb8 {[%emt 0:00:22]} 36. Rc5 {[%emt 0:00:47]} Nxc5 {[%emt 0:00:15]} 0-1

[Event "37th Andorra Open 2019"]
[Site "Caldea"]
[Date "2019.07.26"]
[Round "1.7"]
[White "Rychagov, Andrey"]
[Black "Arnijas Fabregas, Marc"]
[Result "1-0"]
[WhiteElo "2537"]
[BlackElo "2028"]
[Annotator "ChessBase"]
[PlyCount "105"]
[EventDate "2018.07.21"]
[EventType "swiss"]
[EventCountry "AND"]
[SourceTitle "playchess.com"]
[Source "ChessBase"]
[SourceQuality "1"]
[TimeControl "40/5400+30:1800+30"]

1. d4 {[%emt 0:02:13]} d6 {[%emt 0:02:06]} 2. Nf3 {[%emt 0:00:00]} Nf6 {[%emt 0:02:31]} 3. c4 {[%emt 0:00:00]} g6 {[%emt 0:01:18]} 4. g3 {[%emt 0:00:01]} Bg7 {[%emt 0:01:08]} 5. Bg2 {[%emt 0:00:09]} c6 {[%emt 0:00:41]} 6. O-O {[%emt 0:00:17]} O-O {[%emt 0:00:30]} 7. Nc3 {[%emt 0:01:47]} Qa5 {[%emt 0:03:12]} 8. e4 {[%emt 0:03:36]} Qh5 {[%emt 0:06:17]} 9. Ng5 {[%emt 0:03:55]} Qxd1 {[%emt 0:02:02]} 10. Rxd1 {[%emt 0:00:17]} h6 {[%emt 0:14:56]} 11. Nf3 {[%emt 0:00:26]} Bg4 {[%emt 0:00:06]} 12. Be3 {[%emt 0:03:18]} Nbd7 {[%emt 0:05:51]} 13. h3 {[%emt 0:00:52]} Bxf3 {[%emt 0:00:21]} 14. Bxf3 {[%emt 0:00:05]} Rac8 {[%emt 0:03:48]} 15. b4 {[%emt 0:05:01]} c5 {[%emt 0:16:42]} 16. bxc5 {[%emt 0:03:27]} dxc5 {[%emt 0:00:58]} 17. d5 {[%emt 0:10:49]} Ne8 {[%emt 0:02:37]} 18. Rac1 {[%emt 0:00:52]} Nd6 {[%emt 0:00:42]} 19. Nb5 {[%emt 0:14:47]} Kh7 {[%emt 0:08:55]} 20. Bg4 {[%emt 0:05:47]} f5 {[%emt 0:01:40]} 21. exf5 {[%emt 0:01:00]} gxf5 {[%emt 0:01:25]} 22. Nxd6 {[%emt 0:00:32]} exd6 {[%emt 0:00:55]} 23. Bh5 {[%emt 0:00:04]} Nf6 {[%emt 0:01:44]} 24. Be2 {[%emt 0:00:08]} Nd7 {[%emt 0:05:46]} 25. a4 {[%emt 0:00:48]} b6 {[%emt 0:01:03]} 26. a5 {[%emt 0:01:27]} Be5 {[%emt 0:11:11]} 27. Bd3 {[%emt 0:02:23]} Kg7 {[%emt 0:00:23]} 28. axb6 {[%emt 0:01:02]} axb6 {[%emt 0:00:11]} 29. f4 {[%emt 0:01:36]} Bb2 {[%emt 0:01:30]} 30. Rc2 {[%emt 0:02:11]} Ba3 {[%emt 0:00:05]} 31. Ra1 {[%emt 0:00:38]} Bb4 {[%emt 0:00:05]} 32. Ra7 {[%emt 0:00:05]} Rcd8 {[%emt 0:00:13]} 33. Bc1 {[%emt 0:00:36]} Rf7 {[%emt 0:01:48]} 34. Re2 {[%emt 0:00:17]} Bc3 {[%emt 0:00:57]} 35. Kg2 {[%emt 0:01:05]} Kf8 {[%emt 0:00:53]} 36. Re6 {[%emt 0:00:31]} Ne5 {[%emt 0:00:56]} 37. Rxf7+ {[%emt 0:01:41]} Nxf7 {[%emt 0:00:05]} 38. Bxf5 {[%emt 0:00:03]} Ra8 {[%emt 0:00:34]} 39. Bg6 {[%emt 0:01:12]} Ra2+ {[%emt 0:00:43]} 40. Kf3 {[%emt 0:00:00]} Bd4 {[%emt 0:00:00]} 41. Kg4 {[%emt 0:01:31]} Ra4 {[%emt 0:03:16]} 42. Bd3 {[%emt 0:03:15]} Bc3 {[%emt 0:02:35]} 43. Kf3 {[%emt 0:02:03]} Bd4 {[%emt 0:03:13]} 44. g4 {[%emt 0:01:35]} Ra1 {[%emt 0:01:20]} 45. Be3 {[%emt 0:00:14]} Ra3 {[%emt 0:00:07]} 46. Bxd4 {[%emt 0:00:45]} Rxd3+ {[%emt 0:00:59]} 47. Be3 {[%emt 0:00:03]} Rb3 {[%emt 0:00:50]} 48. h4 {[%emt 0:00:28]} b5 {[%emt 0:01:52]} 49. cxb5 {[%emt 0:00:04]} Rxb5 {[%emt 0:00:07]} 50. g5 {[%emt 0:00:45]} hxg5 {[%emt 0:00:29]} 51. hxg5 {[%emt 0:00:03]} c4 {[%emt 0:04:49]} 52. g6 {[%emt 0:02:02]} Rxd5 {[%emt 0:00:40]} 53. Rf6 {[%emt 0:00:21]} 1-0

[Event "37th Andorra Open 2019"]
[Site "Caldea"]
[Date "2019.07.26"]
[Round "1.8"]
[White "Gomez Salinas, Nestor"]
[Black "Kogan, Arthur"]
[Result "0-1"]
[WhiteElo "2010"]
[BlackElo "2535"]
[Annotator "TA"]
[PlyCount "36"]
[EventDate "2018.07.21"]
[EventType "swiss"]
[EventCountry "AND"]
[SourceTitle "playchess.com"]
[Source "ChessBase"]
[SourceQuality "1"]

{[%evp 10,36,53,28,31,-180,-163,-189,-168,-184,-185,-338,-341,-338,-338,-640,-650,-652,-633,-970,-943,-1225,-1234,-1176,-853,-1088,-1057,-2030,-2239]} 1. e4 c5 2. Nf3 b6 3. d4 cxd4 4. Nxd4 Bb7 5. Nc3 a6 6. Be3 e6 {B27: Sicilian: 2 Nf3, unusual Black 2nd moves} 7. Nxe6 $146 (7. Bd3 $14) ({Predecessor:} 7. Bd3 Qc7 8. O-O Nf6 9. f4 Bc5 10. e5 Nd5 11. Nxd5 Bxd5 12. Qg4 Nc6 13. c3 O-O 14. Kh1 {½-½ (40) Kevlishvili,R (2451)-Ponkratov,P (2630) St Petersburg 2018}) 7... fxe6 $19 8. Qh5+ g6 {Black is clearly better.} 9. Qe5 Nf6 10. Bxb6 $2 (10. Nd5 {is a better defense.} Bxd5 11. exd5) 10... Qxb6 11. Qxf6 Rg8 {[#] aiming for ...Bg7.} 12. Nd5 $2 (12. O-O-O) 12... Bxd5 {Black is clearly winning.} 13. exd5 Bg7 14. Qh4 Qxb2 {[%mdl 64] [#] Double Attack} 15. Bd3 Qxa1+ 16. Ke2 Qe5+ 17. Kd2 Rf8 {And now ...Rf4 would win.} 18. g4 Qf4+ {[%mdl 64] Double Attack} 0-1

[Event "37th Andorra Open 2019"]
[Site "Caldea"]
[Date "2019.07.28"]
[Round "2.1"]
[White "Lever, Erwan"]
[Black "Fedorchuk, Sergey A."]
[Result "1-0"]
[WhiteElo "2259"]
[BlackElo "2633"]
[Annotator "TA"]
[PlyCount "95"]
[EventDate "2018.07.21"]
[EventType "swiss"]
[EventCountry "AND"]
[SourceTitle "playchess.com"]
[Source "ChessBase"]
[SourceQuality "1"]

{[%evp 10,94,0,8,43,33,28,18,20,28,37,27,24,29,28,25,25,29,18,20,22,13,4,-57,-58,-49,-46,-44,0,-38,-35,-35,21,0,0,0,50,52,60,33,67,35,55,0,0,-6,0,0,0,8,179,159,131,64,68,71,396,409,364,411,724,716,1030,989,968,693,667,618,577,576,543,385,403,322,291,0,2582,2272,1437,1336,5426,5339,29995,29996,29997,29997,29999]} 1. d4 Nf6 2. c4 e6 3. g3 Bb4+ 4. Bd2 a5 5. Bg2 O-O 6. Nf3 Ne4 {E11: Bogo-Indian} (6... b6 7. O-O Bb7 8. Bf4 Be7 9. Nc3 Ne4 10. Nb5 c6 11. Nc7 Ra7 12. Qb3 d6 13. c5 Qxc7 14. cxb6 a4 15. bxc7 axb3 16. cxb8=Q Rxb8 17. axb3 Rba8 18. Rxa7 Rxa7 {½-½ (37) Jakovenko,D (2719)-Rapport,R (2726) Shenzhen 2019}) 7. O-O Nxd2 8. Nfxd2 d5 {The position is equal.} 9. Nc3 {[%cal Rc4d5]} c6 10. e3 Nd7 11. Qc2 Re8 $146 ({Predecessor:} 11... b6 12. a3 Be7 13. Rfb1 Bb7 {1-0 (67) Dang,H (2043)-Kuderinov,K (2454) Ho Chi Minh City 2014}) 12. a3 Bf8 13. Rab1 b5 14. cxb5 cxb5 15. Nxb5 Ba6 16. Qc6 (16. a4 $11) 16... Qe7 $1 $15 {Hoping for ...Rec8.} 17. Rfc1 Rec8 18. Nc7 {[%mdl 64] Double Attack} Ra7 (18... Bd3 $5 {[%cal Rd3b1]} 19. Ra1 Qd8 $15) 19. Nxa6 (19. Qxa6 {seems wilder.} Rxa6 20. Nxa6 Qd8 21. b4 e5 22. Rxc8 Qxc8 23. Nc5) 19... Rxc6 20. Rxc6 {[#]} e5 (20... Ne5 $1 $15 {[%mdl 512]} 21. dxe5 Qb7 {[%mdl 64] Double Attack}) 21. Nc7 $11 ({Don't play} 21. Bxd5 exd4 22. Re1 Qe5 $17) 21... exd4 22. Nxd5 Qe5 23. Nc4 Qf5 24. e4 Qg4 25. h3 Qe2 26. Rc8 (26. Rc1 $1 $14 g5 27. Rc8) 26... Nc5 27. Nd6 $132 {[%mdl 2048] White is not keeping still} Nd3 28. Rf1 {Black must now prevent Nf5.} Qxb2 29. Nf5 f6 $2 {[#]} (29... Qxa3 $11 30. Nxd4 Rd7) 30. e5 $1 $18 {[%mdl 512]} Kf7 (30... Nxe5 31. Nf4) 31. e6+ (31. f4 $16 {aiming for Nxf6!} Rd7 32. Nc7) 31... Kxe6 $14 32. Be4 Qxa3 $2 {[%mdl 8192]} (32... Bc5 $16) 33. Nxd4+ $18 {[%mdl 64] Discovered Attack} ({Less strong is} 33. Rd1 Ke5 $16) 33... Kf7 34. Nb5 {[%mdl 64] Double Attack} ({Worse is} 34. Bxh7 Nxf2 35. Kxf2 Bc5 $15) 34... Qb3 (34... Nxf2 $142 35. Nxa3 Nxe4) 35. Nxa7 Nc5 36. Rc7+ Kg8 37. Bg2 Ne6 38. Rc3 Qb2 39. Nc6 a4 40. Re1 Bc5 41. Rxc5 Nxc5 42. Nc7 $2 ({Better is} 42. Nd8 $18 {[%cal Re1e8]} Kf8 43. Nc7) 42... g6 $2 {[%mdl 8192]} (42... h5 $11 43. Re8+ Kh7) 43. Bd5+ Kg7 44. Ne8+ Kh6 45. Ne7 {Intending Ng8+ and mate.} g5 46. Bf7 {[%cal Re7g8] White mates.} g4 47. h4 {[%cal Re7g8]} Qc2 48. Ng8# {Accuracy: White = 72%, Black = 38%.} 1-0